| 000 | 01309 a2200193 4500 | ||
|---|---|---|---|
| 003 | Nust | ||
| 005 | 20221028125506.0 | ||
| 020 | _a812390116X | ||
| 040 | _cNust | ||
| 082 | _a621.317,HUS | ||
| 100 |
_aHusain, Ashfaq _983297 |
||
| 245 |
_aElectrical power systems / _cAshfaq Husain |
||
| 250 | _a4th revised ed | ||
| 260 |
_aNew Delhi _bCBS pub _c2004. |
||
| 300 | _a538p | ||
| 505 | _aLoad Characteristics (Page-1), Supply Systems (Page-13), Conductors (Page-30), Power Cables (Page-46), Line Insulators and Supports (Page-78), Sag and Tension (Page-102), Line Parameters (Page-126), Per Unit Representation (Page-176), Short and Medium Lines (Page-194), Long Transmission Lines (Page-216), General Network Constants (Page-230), Power Circle Diagrams (Page-255), Control of Voltage and Reactive Power (Page-271), Load Flow Analysis (Page-290), Economic Operation Of Power Systems (Page-316), Symmetries Faults (Page-331), Symmetrical Components (Page-352), Unsymmetrical Faults (Page-377), Power System Stability (Page-394), Traveling Waves (Page-429), Surge Protection (Page-459), Corona (Page-468), High Voltage Direct Current (Page-483), System Neutral Grounding (Page-499), Tariffs (Page-508), Power Factor Improvements (Page-515). | ||
| 650 |
_aElectrical power Systems _965847 |
||
| 942 |
_2ddc _cBK |
||
| 999 |
_c186992 _d186992 |
||